Operations of manganese-ore-purchasing depots at Deming, N. Mex., and Wenden, Ariz. / (Record no. 34821)

MARC details
000 -LEADER
fixed length control field 01107cam a22002891a 4500
001 - CONTROL NUMBER
control field int59000086
003 - CONTROL NUMBER IDENTIFIER
control field DLC
005 - DATE AND TIME OF LATEST TRANSACTION
control field 20260227111517.0
008 - FIXED-LENGTH DATA ELEMENTS--GENERAL INFORMATION
fixed length control field 910819s1959 dcua f000 0 eng
010 ## - LIBRARY OF CONGRESS CONTROL NUMBER
LC control number int59000086
035 ## - SYSTEM CONTROL NUMBER
System control number (OCoLC)24253247
040 ## - CATALOGING SOURCE
Original cataloging agency DLC
Transcribing agency AzTeS
Modifying agency OCoLC
-- DLC
042 ## - AUTHENTICATION CODE
Authentication code premarc
050 00 - LIBRARY OF CONGRESS CALL NUMBER
Classification number TN23
Item number .U43 no. 5462
245 00 - TITLE STATEMENT
Title Operations of manganese-ore-purchasing depots at Deming, N. Mex., and Wenden, Ariz. /
Statement of responsibility, etc. by W.W. Agey ... [et al.]
260 ## - PUBLICATION, DISTRIBUTION, ETC.
Place of publication, distribution, etc. Washington :
Name of publisher, distributor, etc. U.S. G.P.O.,
Date of publication, distribution, etc. 1959.
300 ## - PHYSICAL DESCRIPTION
Extent 18 p. :
Other physical details ill. ;
Dimensions 26 cm.
490 1# - SERIES STATEMENT
Series statement Report of investigations ;
Volume/sequential designation 5462
650 #0 - SUBJECT ADDED ENTRY--TOPICAL TERM
Topical term or geographic name entry element Manganese ores
Geographic subdivision New Mexico
-- Deming.
650 #0 - SUBJECT ADDED ENTRY--TOPICAL TERM
Topical term or geographic name entry element Manganese ores
Geographic subdivision Arizona
-- Wenden.
650 #0 - SUBJECT ADDED ENTRY--TOPICAL TERM
Topical term or geographic name entry element Manganese ores
General subdivision Analysis.
650 #0 - SUBJECT ADDED ENTRY--TOPICAL TERM
Topical term or geographic name entry element Manganese mines and mining
Geographic subdivision New Mexico
-- Deming.
650 #0 - SUBJECT ADDED ENTRY--TOPICAL TERM
Topical term or geographic name entry element Manganese mines and mining
Geographic subdivision Arizona
-- Wenden.
700 1# - ADDED ENTRY--PERSONAL NAME
Personal name Agey, W. W.
Fuller form of name (Wallace Woods)
740 0# - ADDED ENTRY--UNCONTROLLED RELATED/ANALYTICAL TITLE
Uncontrolled related/analytical title Operations of manganese ore purchasing depots at Deming, New Mexico and Wenden, Arizona.
830 #0 - SERIES ADDED ENTRY--UNIFORM TITLE
Uniform title Report of investigations (United States. Bureau of Mines) ;
Volume/sequential designation 5462.

No items available.

Powered by Koha